MARC

LEADER 00000nam0a2200000 4500
001 301737
005 20231102001430.0
035 |a (RuTPU)RU\TPU\book\326913 
035 |a RU\TPU\book\82515 
090 |a 301737 
100 |a 20150813d1949 m y0rusy50 ca 
101 0 |a rus 
102 |a RU 
105 |a a j 001zy 
200 1 |a Конструкция электрических машин  |e учебное пособие  |f А. Е. Алексеев 
210 |a Москва  |a Ленинград  |c Госэнергоиздат  |d 1949 
215 |a 391 с.  |c ил. 
320 |a Предм. указ.: с. 391. 
606 1 |a Электрические машины  |x Конструкция  |2 stltpush  |3 (RuTPU)RU\TPU\subj\27127  |9 50925 
610 1 |a схемы 
610 1 |a системы охлаждения 
610 1 |a вентиляция 
610 1 |a вентиляторы 
610 1 |a тепловой расчет 
610 1 |a обмотки 
610 1 |a роторы 
610 1 |a контактные кольца 
610 1 |a коллекторы 
610 1 |a валы 
610 1 |a магнитные станины 
610 1 |a статоры 
610 1 |a токоведущие части 
610 1 |a соединительные муфты 
610 1 |a шкивы 
610 1 |a учебные пособия 
675 |a 621.313.001.6(075.8)  |v 3 
700 1 |a Алексеев  |b А. Е.  |g Александр Емельянович 
801 1 |a RU  |b 63413507  |c 20050507  |g PSBO 
801 2 |a RU  |b 63413507  |c 20201021  |g PSBO 
942 |c BK